00453nam a2200157Ia 4500008004100000040001900041041001200060082002700072100001800099245005000117260004100167300001900208650002400227651002400251850002000275131103s9999 xx 000 0 und d aLoreto College aEnglish a371.3/KOCbLCBED/11857 aKochhar, S.K. aSecondary school administrationcS.K. Kochhar aNew DelhibSterling Publishingc1995 a468p. c 22cm. aSecondary Education aSchool organisation aLCBED/371.3/KOC